000 00574nam a2200241 a 4500
001 nice12345678
003 IN_TiNIC
005 20260116012932.0
008 050524s1981 newa grp 000 0 eng
020 _a
_c100
082 0 0 _a297
_bUNE
100 _aUnesco,
245 _aIslam
_b 15th Century of He Hegira: Unesco Courier
260 _aNew York
_bUnesco
_c1981
300 _a78p
500 _aincludes index and biblioraphy
505 2 _aEpilogue
650 _aIslam-20th Century
700 1 _aUnesco,
902 _bSRS
942 _cBK
999 _c8960
_d8960